| 000 | 00675nam a2200241 i 4500 | ||
|---|---|---|---|
| 001 | C2-0335543 | ||
| 003 | PPAK | ||
| 005 | 20180728134924.0 | ||
| 008 | 160130s2002 my a|||| ||||| | may d | ||
| 020 | _a9830781739 | ||
| 040 |
_aPPAK _beng _cPPAK _erda |
||
| 082 | 0 | 4 |
_a499.2386 _223 |
| 090 | 0 | 0 |
_a499.2386 _bZUL _dK |
| 100 | 0 |
_aZulhelmi Zul, _eauthor |
|
| 245 | 1 | 0 | _aMengantuk di siang hari |
| 264 | 1 |
_aPetaling Jaya, Selangor : _bPustaka Murni , _c[2002] |
|
| 300 |
_a30 pages : _billustrations ; _c21 cm |
||
| 336 |
_2rdacontent _atext |
||
| 337 |
_2rdamedia _aunmediated |
||
| 338 |
_2rdacarrier _avolume |
||
| 650 | 1 | 0 | _aMalay language - Readers. |
| 942 |
_ddc _cB |
||
| 999 |
_c133692 _d133692 |
||